000 00633nam a2200241Ia 4500
003 OSt
005 20220924144609.0
006 a|||||r|||| 00| 0
007 ta
008 220923b |||||||| |||| 00| 0 urd d
024 _a316131
037 _cTextual
040 _aARTS
_cARTS
_burd
041 _2urd
_aurd
082 _aO168,1NGUL,1, M4
100 _aSaxena Ramesh Narayan
245 0 _aPahle qadam
260 _c1984
650 _aURDU POETRY
700 _a Gulshan Barelvi
_9217983
942 _hO168,1NGUL,1, M4
_cTEXL
_2CC
999 _c457581
_d457581